| 000 | 00710nam a2200241Ia 4500 | ||
|---|---|---|---|
| 003 | OSt | ||
| 005 | 20220926012328.0 | ||
| 006 | a|||||r|||| 00| 0 | ||
| 007 | ta | ||
| 008 | 220923b |||||||| |||| 00| 0 eng d | ||
| 037 | _cGeneral Book | ||
| 040 |
_aRTL _cRTL _beng |
||
| 041 |
_2eng _aeng |
||
| 082 | _aX62:8, N7 | ||
| 100 |
_aCaprio Gerard _9316185 |
||
| 245 | 0 |
_aReforming financial _b Historial implicatiosn for p |
|
| 260 |
_aNew York _bCambridge University Press U S A _c1997 |
||
| 300 |
_aLx, 222p. Bib chapterwise _ccm. |
||
| 650 | _aBank | ||
| 700 |
_a Vittas Dimitri _9316186 |
||
| 942 |
_hX62:8, N7 _cGB _2CC |
||
| 999 |
_c622546 _d622546 |
||